Normal view
MARC view
- Jinnah, Mahomed Ali
Entry Topical Term
001 - CONTROL NUMBER
- control field: 3791
003 - CONTROL NUMBER IDENTIFIER
- control field: NUST
005 - DATE AND TIME OF LATEST TRANSACTION
- control field: 20170807103838.0
008 - FIXED-LENGTH DATA ELEMENTS
- fixed length control field: 170807|| aca||aabn | a|a d
040 ## - CATALOGING SOURCE
- Original cataloging agency: NUST
- Transcribing agency: NUST
150 ## - HEADING--TOPICAL TERM
- Topical term or geographic name entry element: Jinnah, Mahomed Ali
670 ## - SOURCE DATA FOUND
- Source citation: Work cat.: (NUST)0: Allana, G 3790, Quaid-e-Azam Jinnah: the story of a nation, 1998
